01366nam a2200229 a 450000100060000000300090000600800410001504000280005608200140008410000280009824500340012626000370016030000080019750505540020559001130075965000280087265000230090065000230092394200120094699900170095895201610097522551CO-ViMGA141112s2004 ck r 000 u spa d aCO-ViMGAbspacCO-ViMGA04a741 S155G1 aSanmiguel, David93203510aGuia completa para el artista aBarcelona : bParramón, c2004 a255 aEl dibujo materiales y medios : el lápiz de grafito, el carboncillo, lapices de colores, tinta y rotuladores 10 - 52 - - El dibujo fundamentos tecnicos : La comprensión de la forma, perspectiva básica, el sombreado 56 - 94 - - La pintura Materiales y medios pictóricos : Los pasteles, la acuarela y el guache, la pintura y el oleo, la pintura acrilica 98 - 152 - - La pintura fundamentos tecnicos : El color, la composición 156 - 190 - - Procesos pictóricos los temas artísticos : La figura humana, el paisaje, el bodegón 194 - 252  aForma de adquisición : Compra - - Precio : 78.000 - - Proveedor : Dismet - - Fecha de adquisición : 200814aDIBUJO ARTISTICO93203614aPINTURA - TECNICAS14aPINTURA - TECNICAS 2ddccBK c30852d30852 01102ddc44708003aMEVIECARbMEVIECARd2015-12-04hVolumen. 1 | 11/jun/2009l1o741 S155G p22551r2022-10-11 00:00:00s2017-06-02tEj. 1w2015-12-04yBK